000 00423nam a2200145Ia 4500
008 240729s9999 xx 000 0 und d
022 _a2538-4600
245 0 _aJournal of Orthopedic and Spine Trauma
260 _aIran, Islamic Republic of
260 _bTehran University of Medical Sciences
650 _aMedicine
856 _uhttps://doaj.org/toc/c2486d4b50454961a2f8be1b7dfe3ac6
942 _2ddc
942 _cDOAJEJ
999 _c69297
_d69297
945 _a1
_bMadushi Gamage
_c1
_dMadushi Gamage